000 00528cam a22001097a 4500
008 180718b1965 xxu||||| |||| 00| 0 eng d
082 _aXA94x54 In2/47
245 _aReport on family living survey among industrial workers 1958-59 : Jalpaiguri
_cby Department of Labour And Employment, Ministry Of Labour, Employment and rehabiliation
260 _aVaranasi
_bThe Manager Government of the India Press
_c1965
300 _a84+p.
700 _aIndia.Ministry Of Labour, Employment and rehabiliation . Department of Labour And Employment
999 _c498984
_d498984